Urban land economics

Bibliographic Details
Main Author: Balchin, Paul N.
Format: Book
Published: London : Macmillan , 1982
Subjects:

MARC

LEADER 00000cam a2200000 7i4500
001 0000000116
005 20050429.0
040 |a INS 
090 0 0 |a HD596.   |b B34 1982 
100 1 |a Balchin, Paul N. 
245 1 0 |a Urban land economics   |c Paul N. Balchin 
260 |a London :   |b Macmillan ,   |c 1982 
300 |a xii, 300p. :   |b ill. ;   |c 22 cm. 
650 0 0 |a Urban economics 
999 |a 0000000218   |b BOOK   |c Open Shelf   |e Default branch